| 000 | 00959nam a22001337a 4500 | ||
|---|---|---|---|
| 999 |
_c531608 _d531608 |
||
| 008 | 250918b ||||| |||| 00| 0 eng d | ||
| 100 |
_aSaleem, Salman _956842 |
||
| 245 | _a Promoting good health and well being through Ayurvedia: A public health perspective | ||
| 260 | _aIndian Institute of Public Administration Digest | ||
| 300 | _a6(3), Jul-Sep, 2024: p.10-15 | ||
| 520 | _aThe Sustainable Development Goals (SDGs), established by the United Nations in 2015, provide a comprehensive framework for addressing global challenges and promoting prosperity while protecting the planet. Among these goals, Goal 3, "Good Health and Well-being," specifically targets ensuring healthy lives and promoting well-being for all at all ages.- Reproduced https://www.iipa.org.in/GyanKOSH/posts/promoting-good-health-and-well-being-through-ayurveda-a-public-health-perspective | ||
| 773 | _aIndian Institute of Public Administration Digest | ||
| 942 | _cAR | ||